The oil and gas contents of the lower jurassic and achimovka reservoirs of the Nyurol`ka megadepression; Russian Geology and Geophysics; Vol. 55, iss. 12

Библиографические подробности
Источник:Russian Geology and Geophysics: Scientific Journal
Vol. 55, iss. 12.— 2013.— [P. 1418-1428]
Главный автор: Isaev V. I. Valery Ivanovich
Автор-организация: Национальный исследовательский Томский политехнический университет (ТПУ) Институт природных ресурсов (ИПР) Кафедра геологии и разведки полезных ископаемых (ГРПИ)
Другие авторы: Lobova G. A. Galina Anatolyevna, Osipova E. N. Elizaveta Nikolaevna
Примечания:Title screen
The paper describes Lower Jurassic (horizons J16 and J15) and Achimovka (Neocomian clinoforms) reservoirs in the area of the Nyurol’ka megadepression and its framing (42,000 km2). The total thicknesses of seven Achimovka sedimentary cycles are mapped. The thermal history of the Togur and Bazhenov parental sediments in the sections of 39 deep wells is reconstructed by paleotemperature modeling. The geotemperature criterion is used to identify paleosources of oil generation, starting from the Jurassic. The distribution of the relative density of the resources of the generated Togur and Bazhenov oils is estimated and shown on sketch maps. The Lower Jurassic reservoir is divided into zones depending on the distribution of the relative density of the Togur oil resources, and the Achimovka reservoir, of the Bazhenov oil resources. The priority oil search zones are proposed.
Режим доступа: по договору с организацией-держателем ресурса
Язык:английский
Опубликовано: 2013
Предметы:
Online-ссылка:http://dx.doi.org/10.1016/j.rgg.2014.11.006
Формат: MixedMaterials Электронный ресурс Статья
Запись в KOHA:https://koha.lib.tpu.ru/cgi-bin/koha/opac-detail.pl?biblionumber=639580

MARC

LEADER 00000naa0a2200000 4500
001 639580
005 20250217144629.0
035 |a (RuTPU)RU\TPU\network\4067 
035 |a RU\TPU\network\67 
090 |a 639580 
100 |a 20150317d2014 k||y0rusy50 ba 
101 0 |a eng 
102 |a US 
135 |a drcn ---uucaa 
181 0 |a i  
182 0 |a b 
200 1 |a The oil and gas contents of the lower jurassic and achimovka reservoirs of the Nyurol`ka megadepression  |f V. I. Isaev, G. A. Lobova, E. N. Osipova 
203 |a Text  |c electronic 
300 |a Title screen 
320 |a [References: p. 1427-1428 (27 tit.)] 
330 |a The paper describes Lower Jurassic (horizons J16 and J15) and Achimovka (Neocomian clinoforms) reservoirs in the area of the Nyurol’ka megadepression and its framing (42,000 km2). The total thicknesses of seven Achimovka sedimentary cycles are mapped. The thermal history of the Togur and Bazhenov parental sediments in the sections of 39 deep wells is reconstructed by paleotemperature modeling. The geotemperature criterion is used to identify paleosources of oil generation, starting from the Jurassic. The distribution of the relative density of the resources of the generated Togur and Bazhenov oils is estimated and shown on sketch maps. The Lower Jurassic reservoir is divided into zones depending on the distribution of the relative density of the Togur oil resources, and the Achimovka reservoir, of the Bazhenov oil resources. The priority oil search zones are proposed. 
333 |a Режим доступа: по договору с организацией-держателем ресурса 
461 |t Russian Geology and Geophysics  |o Scientific Journal 
463 |t Vol. 55, iss. 12  |v [P. 1418-1428]  |d 2013 
610 1 |a электронный ресурс 
610 1 |a труды учёных ТПУ 
610 1 |a Нюрольская впадина 
610 1 |a нефтеносность 
610 1 |a баженовские нефти 
700 1 |a Isaev  |b V. I.  |c geologist  |c Professor of Tomsk Polytechnic University, doctor of geological-mineralogical Sciences  |f 1952-2023  |g Valery Ivanovich  |3 (RuTPU)RU\TPU\pers\32557  |9 16479 
701 1 |a Lobova  |b G. A.  |c geophysicist  |c Associate Professor of Tomsk Polytechnic University, Candidate of Geological and Mineralogical Sciences  |f 1952-  |g Galina Anatolyevna   |3 (RuTPU)RU\TPU\pers\33915  |9 17488 
701 1 |a Osipova  |b E. N.  |c Geologist  |c Senior Lecturer at Tomsk Polytechnic University, Candidate of Geological and Mineralogical Sciences  |f 1960-  |g Elizaveta Nikolaevna  |3 (RuTPU)RU\TPU\pers\33265  |9 17010 
712 0 2 |a Национальный исследовательский Томский политехнический университет (ТПУ)  |b Институт природных ресурсов (ИПР)  |b Кафедра геологии и разведки полезных ископаемых (ГРПИ)  |3 (RuTPU)RU\TPU\col\18660 
801 2 |a RU  |b 63413507  |c 20171024  |g RCR 
856 4 |u http://dx.doi.org/10.1016/j.rgg.2014.11.006 
942 |c CF